000
00287nam a2200097Ia 4500
082
_a
746.443041 PHIL
245
0
_a
Stitched cards and gift tags for special occasions
100
_a
PHILLIPSON, Carol Lewes, 2003
_9
66170
942
_c
BK
008
210817s9999 xx 000 0 und d
999
_c
212109
_d
212108